000 00783nam a22002297a 4500
999 _c64426
_d64426
005 20240530110731.0
008 161228s2014 ua a g b 000 0 ara d
017 _a2014/14859
_bمصر. دار الكتب
020 _a9772329823
040 _aEG-CaGPL
_cEG-CaGPL
082 0 4 _221
_a170\
_bم أ
100 0 _aمحمد احمد درويش .
245 1 2 _aالاخلاق :
_bالجينالوجيا : الاديان : الميتافيزيقا /
_cمحمد احمد درويش .
250 _aط.1
260 _aالقاهرة :
_bعالم الكتب ،
_c2014 .
300 _a229 ص ؛
_c24 سم .
504 _aببليوجرافية ص 225 - 226
650 0 7 _2qrmak
_aالاخلاق .
651 _2qrmak
942 _2ddc
_cBK